3era Bienal Internacional de Arquitetura de Sao Paulo / (Record no. 7788)

MARC details
000 -LEADER
campo de control de longitud fija 00414nam a2200133Ia 4500
005 - FECHA Y HORA DE LA ÚLTIMA TRANSACCIÓN
campo de control 20260326235452.0
008 - DATOS DE LONGITUD FIJA--INFORMACIÓN GENERAL
campo de control de longitud fija 260326s9999||||xx |||||||||||||| ||und||
100 ## - ENTRADA PRINCIPAL--NOMBRE DE PERSONA
Nombre de persona Instituto de Arquitetos do Brasil
245 #0 - MENCIÓN DEL TÍTULO
Título 3era Bienal Internacional de Arquitetura de Sao Paulo /
Mención de responsabilidad, etc. Instituto de Arquitetos do Brasil
260 ## - PUBLICACIÓN, DISTRIBUCIÓN, ETC.
Nombre del editor, distribuidor, etc. Fundacao Bienal de Sao Paulo
300 ## - DESCRIPCIÓN FÍSICA
Extensión 363 p.
650 ## - PUNTO DE ACCESO ADICIONAL DE MATERIA--TÉRMINO DE MATERIA
Término de materia o nombre geográfico como elemento de entrada ARQUITECTURA CIVIL
942 ## - ELEMENTOS DE ENTRADA SECUNDARIOS (KOHA)
Tipo de ítem Koha Libros
Holdings
Estatus retirado Estado de pérdida Estado de daño No para préstamo Colección Biblioteca de origen Biblioteca actual Ubicación en estantería Fecha de adquisición Fuente de adquisición Número de inventario Total de préstamos Signatura topográfica completa Código de barras Visto por última vez Copia número Precio de reemplazo Tipo de ítem Koha
        General Biblioteca Gonzalo Peláez Caldas Biblioteca Gonzalo Peláez Caldas Colección general 27/03/2026 Compra 1574   720.73 In 775 1574 27/03/2026 1 27/03/2026 Libros